| Tag |
First Indicator |
Second Indicator |
Subfields |
| LEADER |
00000cam a2200000 a 4500 |
| 001 |
in00000014514 |
| 005 |
20151007052230.0 |
| 008 |
830523s1983 alua bc l00010 eng |
| 010 |
|
|
|a 83011409
|
| 020 |
|
|
|a 0892800208 (pbk.) :
|c $12.00
|
| 035 |
|
|
|a (OCoLC)09620566
|
| 035 |
|
|
|9 AAA6883AM
|
| 040 |
|
|
|a DLC
|c DLC
|d m/c
|d TXA
|d UtOrBLW
|
| 043 |
|
|
|a n-us-al
|
| 049 |
|
|
|a TXAM
|c [A11462555]
|
| 050 |
0 |
0 |
|a NK4025.A2
|b W54 1983
|
| 082 |
0 |
|
|a 738.3/09761/0740161
|2 19
|
| 100 |
1 |
|
|a Willett, E. Henry,
|d 1951-
|
| 245 |
1 |
4 |
|a The traditional pottery of Alabama :
|b essays by E. Henry Willett and Joey Brackner.
|
| 264 |
|
1 |
|a Montgomery, Ala. :
|b Montgomery Museum of Fine Arts,
|c 1983.
|
| 300 |
|
|
|a 70 pages :
|b illustrations (some color) ;
|c 21 x 26 cm.
|
| 336 |
|
|
|a text
|b txt
|2 rdacontent
|
| 337 |
|
|
|a unmediated
|b n
|2 rdamedia
|
| 338 |
|
|
|a volume
|b nc
|2 rdacarrier
|
| 500 |
|
|
|a "An exhibition jointly sponsored by the Montgomery Museum of Fine Arts and the Alabama State Council on the Arts and Humanities, with the assistance of the Folk Arts Program of the National Endowment for the Arts."
|
| 504 |
|
|
|a Bibliography: page 47.
|
| 650 |
|
0 |
|a Pottery, American
|z Alabama
|x Exhibitions.
|
| 650 |
|
0 |
|a Folk art
|z Alabama
|x Exhibitions.
|
| 700 |
1 |
|
|a Brackner, Joey,
|d 1955-
|
| 710 |
2 |
|
|a Montgomery Museum of Fine Arts.
|
| 710 |
2 |
|
|a Alabama State Council on the Arts and Humanities.
|
| 710 |
2 |
|
|a National Endowment for the Arts.
|
| 999 |
|
|
|a MARS
|
| 999 |
f |
f |
|s dbb614fb-cc63-3d26-b580-2120eeb86cb1
|i 96ad9998-cb08-3777-a41c-9524c792a6c3
|t 0
|
| 952 |
f |
f |
|p normal
|a Texas A&M University
|b College Station
|c Sterling C. Evans Library
|d Evans: Library Stacks
|t 0
|e NK4025.A2 W54 1983
|h Library of Congress classification
|i unmediated -- volume
|m A14811462555
|
| 998 |
f |
f |
|a NK4025.A2 W54 1983
|t 0
|l Evans: Library Stacks
|